[Event "Oberliga Baden 1314"]
[Site "Germany"]
[Date "2013.11.24"]
[Round "3.6"]
[White "Aeschbach, Werner"]
[Black "Trabert, Lukas"]
[Result "1/2-1/2"]
[WhiteElo "2072"]
[BlackElo "2186"]
[PlyCount "49"]
[EventDate "2013.10.13"]
[EventType "team-tourn"]
[EventRounds "9"]
[EventCountry "GER"]
[SourceTitle "EXT 2015"]
[Source "ChessBase"]
[SourceDate "2014.11.20"]
[SourceVersion "1"]
[SourceVersionDate "2014.11.20"]
[SourceQuality "1"]
[WhiteTeam "Kirchheim"]
[BlackTeam "Zaehringen"]
[WhiteTeamCountry "GER"]
[BlackTeamCountry "GER"]

1. d4 d5 2. c4 dxc4 3. Nf3 a6 4. e3 Bg4 5. Bxc4 e6 6. h3 Bh5 7. 0-0 Nf6 8. a3 Nbd7 9. b4 Bd6 10. Be2 e5 11. dxe5 Nxe5 12. Bb2 Qe7 13. Nd4 Bxe2 14. Qxe2 0-0 15. Nf5 Qe6 16. Nxd6 Qxd6 17. Rd1 Qe6 18. Nd2 Rfd8 19. Nf3 Nxf3+ 20. Qxf3 Ne4 21. Rd4 Rxd4 22. Bxd4 c6 23. Qf4 Re8 24. Qc7 Qe7 25. Qxe7 1/2-1/2

[Event "Oberliga Baden 1213"]
[Site "Baden"]
[Date "2012.10.14"]
[Round "1.4"]
[White "Fernandez Aguado, Juan Luis"]
[Black "Aeschbach, Werner"]
[Result "0-1"]
[WhiteElo "2292"]
[BlackElo "2115"]
[PlyCount "76"]
[EventDate "2012.10.14"]
[EventType "team-tourn"]
[EventRounds "9"]
[EventCountry "GER"]
[SourceTitle "EXT 2014"]
[Source "ChessBase"]
[SourceDate "2013.11.20"]
[SourceVersion "1"]
[SourceVersionDate "2013.11.20"]
[SourceQuality "1"]
[WhiteTeam "Dreisamtal"]
[BlackTeam "Kirchheim"]
[WhiteTeamCountry "GER"]
[BlackTeamCountry "GER"]

1. Nf3 g6 2. e4 Bg7 3. d4 d6 4. h3 Nf6 5. Bd3 0-0 6. 0-0 Nc6 7. c3 e5 8. Re1 h6 9. Nbd2 Nh5 10. Nf1 exd4 11. cxd4 Nxd4 12. Nxd4 Bxd4 13. Bxh6 Bxb2 14. Rb1 Bg7 15. Be3 b6 16. g4 Nf6 17. Ng3 Bb7 18. f4 d5 19. e5 Ne4 20. Nxe4 dxe4 21. Bc4 Qh4 22. Bf2 Qe7 23. Qb3 Rad8 24. Rbd1 Rxd1 25. Rxd1 Kh8 26. g5 Bc8 27. Re1 Bf5 28. Bd5 Qd7 29. Bxe4 Bxh3 30. Re3 Be6 31. Qc2 Rd8 32. Kg2 c5 33. Kg3 Qd2 34. Bxg6 fxg6 35. Qxg6 Qd7 36. Qh5+ Kg8 37. g6 Qd1 38. Qg5 Rd3 0-1

[Event "Zuerich op-A 32nd"]
[Site "Zuerich"]
[Date "2008.12.27"]
[Round "2"]
[White "Heimann, Andreas"]
[Black "Aeschbach, Werner"]
[Result "1-0"]
[WhiteElo "2428"]
[BlackElo "2091"]
[PlyCount "77"]
[EventDate "2008.12.26"]
[EventType "swiss"]
[EventRounds "7"]
[EventCountry "SUI"]
[SourceTitle "CBM 127 Extra"]
[Source "ChessBase"]
[SourceDate "2009.01.08"]
[SourceVersion "2"]
[SourceVersionDate "2009.01.28"]
[SourceQuality "1"]

1. e4 c5 2. Nf3 e6 3. d4 cxd4 4. Nxd4 Bc5 5. Nb3 Bb6 6. Nc3 Ne7 7. Bf4 d5 8. exd5 exd5 9. Bd3 0-0 10. 0-0 Nbc6 11. Na4 Bc7 12. Qf3 b6 13. Nc3 Be6 14. Nb5 Bxf4 15. Qxf4 Qd7 16. N5d4 Rac8 17. Nxc6 Nxc6 18. Bb5 Qe7 19. Bxc6 Rxc6 20. Nd4 Rc4 21. c3 b5 22. Qe5 Qd7 23. f4 Qc7 24. Qe3 Bd7 25. f5 Re8 26. Qd2 f6 27. Nc2 Re5 28. Nd4 Qc5 29. Kh1 b4 30. Rf3 bxc3 31. bxc3 Qc8 32. Raf1 Ra4 33. h3 Qc4 34. R1f2 Kf7 35. Rg3 Qc8 36. Rf4 Re4 37. Rxe4 dxe4 38. Qd1 Rxa2 39. Qb3+ 1-0

[Event "Zuerich op-A 30th"]
[Site "Zuerich"]
[Date "2006.12.27"]
[Round "3"]
[White "Aeschbach, Werner"]
[Black "Kuhn, Thomas"]
[Result "1-0"]
[WhiteElo "2039"]
[BlackElo "2195"]
[PlyCount "63"]
[EventDate "2006.12.26"]
[EventType "swiss"]
[EventRounds "7"]
[EventCountry "SUI"]
[SourceTitle "CBM 116 Extra"]
[Source "ChessBase"]
[SourceDate "2007.03.07"]
[SourceVersion "1"]
[SourceVersionDate "2007.03.07"]
[SourceQuality "1"]

1. d4 d5 2. Nf3 Nf6 3. Bg5 Ne4 4. Bf4 c5 5. dxc5 e6 6. Nbd2 Nxd2 7. Qxd2 Bxc5 8. e3 0-0 9. Be2 Nc6 10. 0-0 Qe7 11. c4 dxc4 12. Bxc4 Kh8 13. Ne5 Nxe5 14. Bxe5 f6 15. Bc3 a6 16. Rfd1 b5 17. Bb3 e5 18. Ba5 Bg4 19. Rdc1 Rac8 20. h3 Bf5 21. Rc3 Qa7 22. Rac1 Bb6 23. Rxc8 Bxc8 24. Rc6 Bxa5 25. Qxa5 Bb7 26. Rc7 Qa8 27. Qb4 Rc8 28. Rxg7 Rc1+ 29. Kh2 Kxg7 30. Qe7+ Kg6 31. Qf7+ Kf5 32. Be6+ 1-0